Az ADA programozási nyelv

Salvato in:
Dettagli Bibliografici
Autore principale: Pyle, Ian C.
Natura: Libro
Lingua:ungherese
Pubblicazione: Budapest Műszaki könyvkiadó 1987
Tags: Aggiungi Tag
Nessun Tag, puoi essere il primo ad aggiungerne!!

MARC

LEADER 00000nam a2200000 4500
001 c034920
005 20260105121513.7
041 0 |a hun 
044 |a HU 
245 1 0 |a Az ADA programozási nyelv  |c Ian C. Pyle ; [Z angl. prel.] Gál Tamás 
264 1 |a Budapest  |b Műszaki könyvkiadó  |c 1987 
300 |a 310 s. 
100 1 |a Pyle, Ian C.